00510nam a22001457a 4500003000400000008004100004020001800045082001800063100001800081245010700099260004100206650006900247700002300316700002500339OSt260629b |||||||| |||| 00| 0 eng d a9781032938035 a519.535bH86M aHox, Joop J.  aMultilevel Analysis: Techniques and Applications/ by Joop J. Hox, Mirjam Moerbeek, Rens Van De Schoot aNew York : bRoutledge, cxv, 347 p. aPure Sciences | Mathematics | Statistics | Multivariate Analysis aMoerbeek, Mirjam  aSchoot, Rens Van De